000 01343nam a22002777a 4500
005 20120606160031.0
008 120606t xxu||||| |||| 00| 0 eng d
010 _aENG-105447
020 _a9788132108757
_c750.00
035 _aEN-88980
037 _bDBAD / PUB
040 _adpl
_bEnglish
082 _a320.95496
100 _948482
_aBaral, Lok Raj
_d1941-
245 _aNepal, nation-state in the wilderness :
_cby Lok Raj Baral
_bmanaging state, democracy, and geopolitics /
260 _aNew Delhi
_bSage Publications
_c2012
270 _aB1/I-1 Mohan Cooperative Industrial Area, Mathura Road
_bNew Delhi
_e110044
300 _axvii, 308p.
_c23cm (Hb)
500 _aIncludes bibliographical references (p. 286-298) and index.
505 _aPreface -- Introduction: parameters of Nepali politics -- Nepali state revisited -- Quest for status: wars, treaties, and diplomacy -- Democracy, peace, and development -- Nepal and the world: managing geopolitics -- What next?.
650 _aDemocracy
_zNepal.
_948562
650 _aGeopolitics
_zNepal.
_948563
651 _aNepal
_xPolitics and government
_948564
_y1990-
942 _2ddc
_cEN
_mBAR
_h320.95496
999 _c67600
_d67600